Normal view
MARC view
- Valores
Entry Materia
Number of records used in: 305
001 - NÚMERO DE CONTROL DEL REGISTRO
- campo de control: 308
003 - IDENTIFICADOR DE NUMERO DE CONTROL
- campo de control: MX-MxUPN
005 - FECHA Y HORA DE LA ÚLTIMA TRANSACCIÓN
- campo de control: 20240924114305.0
008 - DATOS DE LONGITUD FIJA
- campo de control de longitud fija: 240219n||acnnnbabn a ana |d
035 ## - NÚMERO DE CONTROL DEL SISTEMA
- Número de control del sistema: UPN10000000308
040 ## - FUENTE DE LA CATALOGACIÓN
- Lengua de catalogación: SPA
- Agencia de transcripción: UPN
- Centro catalogador de origen: MX-MxUPN
046 ## - FECHAS CON CODIFICACIÓN ESPECIAL
- Fecha final para contenidos agregados: 2022
150 ## - ENCABEZAMIENTO - TEMÁTICO
- Término de materia o nombre geográfico como elemento inicial: Valores
450 ## - VÉASE - MATERIA
- Encabezamiento temático: Valores (Filosofía)
670 ## - FUENTE EN LA QUE SE LOCALIZARON DATOS
- Cita de la fuente: LC/P
- Información localizada: Values
680 ## - NOTA GENERAL CON DESPLIEGUE PÚBLICO
- Texto explicativo: Aquí se asientan las obras sobre los valores morales, estéticos, etc. Las obras sobre la teoría del valor en economía se asientan bajo
- Encabezamiento: VALOR
902 ## - CATALOGADOR
- Catalogador: MMA/230904
